[Event "Nepomuk 3rd"]
[Site "Nepomuk"]
[Date "2023.09.05"]
[Round "5"]
[White "Spirik, Jiri"]
[Black "Kopriva, Martin"]
[Result "1/2-1/2"]
[WhiteElo "2143"]
[BlackElo "2129"]
[PlyCount "33"]
[EventDate "2023.08.31"]
[EventType "tourn"]
[EventRounds "9"]
[EventCountry "CZE"]
[SourceTitle "EXT 2024"]
[Source "ChessBase"]
[SourceDate "2023.10.10"]
[SourceVersion "1"]
[SourceVersionDate "2023.10.10"]
[SourceQuality "1"]

1. d4 Nf6 2. Nf3 g6 3. c4 Bg7 4. Nc3 d6 5. e4 0-0 6. Be2 e5 7. dxe5 dxe5 8. Bg5 Qxd1+ 9. Rxd1 Nc6 10. 0-0 Bg4 11. Be3 Bxf3 12. Bxf3 Rfd8 13. Nb5 Ne8 14. Rxd8 Rxd8 15. Rd1 Rxd1+ 16. Bxd1 a6 17. Nc3 1/2-1/2

[Event "Nepomuk 3rd"]
[Site "Nepomuk"]
[Date "2023.09.01"]
[Round "2"]
[White "Kopriva, Martin"]
[Black "Novy, Martin"]
[Result "1/2-1/2"]
[WhiteElo "2129"]
[BlackElo "2104"]
[PlyCount "100"]
[EventDate "2023.08.31"]
[EventType "tourn"]
[EventRounds "9"]
[EventCountry "CZE"]
[SourceTitle "EXT 2024"]
[Source "ChessBase"]
[SourceDate "2023.10.10"]
[SourceVersion "1"]
[SourceVersionDate "2023.10.10"]
[SourceQuality "1"]

1. e4 e6 2. d4 d5 3. e5 Bd7 4. c3 a6 5. Bd3 Bb5 6. Bc2 a5 7. a4 Ba6 8. Ne2 c5 9. Na3 Nc6 10. Nb5 Qb6 11. 0-0 Bxb5 12. axb5 Qxb5 13. Ba4 Qa6 14. dxc5 Bxc5 15. b4 b5 16. bxc5 bxa4 17. Nd4 Nge7 18. Rxa4 Nxe5 19. Qh5 N5g6 20. Bg5 f6 21. Bd2 e5 22. Nf5 Nxf5 23. Qxf5 Qc6 24. Rfa1 0-0 25. Rxa5 Rxa5 26. Rxa5 Rb8 27. h3 Nf8 28. h4 Ra8 29. Rxa8 Qxa8 30. h5 Qc6 31. Be3 Nd7 32. h6 g6 33. Qb1 f5 34. Bg5 Kf7 35. Qa2 Nxc5 36. Qa7+ Nd7 37. Qa5 Ke6 38. Qd8 f4 39. Bh4 Kf5 40. Qg8 Kg4 41. Qd8 Kf5 42. Qe7 Nf6 43. Bxf6 Qxf6 44. Qxh7 Kg5 45. Qd7 d4 46. cxd4 exd4 47. h7 Qh8 48. Qf7 Kh6 49. Qxf4+ Kxh7 50. Qh4+ Kg8 1/2-1/2

[Event "CZE-chT2A 2223"]
[Site "Czech Republic"]
[Date "2022.12.04"]
[Round "4.6"]
[White "Janda, Pavel"]
[Black "Kopriva, Martin"]
[Result "0-1"]
[WhiteElo "2092"]
[BlackElo "2121"]
[PlyCount "80"]
[EventDate "2022.10.16"]
[EventType "team-tourn"]
[EventRounds "11"]
[EventCountry "CZE"]
[SourceTitle "EXT 2024"]
[Source "ChessBase"]
[SourceDate "2023.10.10"]
[SourceVersion "1"]
[SourceVersionDate "2023.10.10"]
[SourceQuality "1"]
[WhiteTeam "Tabor"]
[BlackTeam "Klatovy"]
[WhiteTeamCountry "CZE"]
[BlackTeamCountry "CZE"]

1. e4 g6 2. d4 Bg7 3. Nc3 d6 4. Bc4 Nf6 5. Qe2 0-0 6. e5 Ne8 7. Bg5 dxe5 8. dxe5 c6 9. h3 b5 10. Bb3 a5 11. a3 a4 12. Ba2 Ba6 13. Qe3 Qc7 14. Nf3 e6 15. Ne4 Nd7 16. Be7 Nxe5 17. Bxf8 Nxf3+ 18. Qxf3 Bxf8 19. 0-0 Bg7 20. Rab1 Qe7 21. Rfe1 Rd8 22. c3 c5 23. Qe3 Rc8 24. Rbd1 Bb7 25. Ng5 c4 26. Bb1 Bh6 27. f4 Nf6 28. Qe5 Rc5 29. Rd8+ Qxd8 30. Qxc5 Bxg5 31. fxg5 Qd2 32. Qf2 Qxg5 33. Rf1 Kg7 34. Bc2 Bd5 35. h4 Qe5 36. Re1 Qc7 37. Qe3 h5 38. Rf1 Ng4 39. Qd4+ Kg8 40. Be4 Qh2# 0-1

[Event "Pilsen Region-chT 2223"]
[Site "Czech Republic"]
[Date "2022.11.27"]
[Round "4.2"]
[White "Kopriva, Martin"]
[Black "Wolf, Vilem"]
[Result "1-0"]
[WhiteElo "2121"]
[BlackElo "1996"]
[PlyCount "51"]
[EventDate "2022.10.09"]
[EventType "team-tourn"]
[EventRounds "11"]
[EventCountry "CZE"]
[SourceTitle "EXT 2024"]
[Source "ChessBase"]
[SourceDate "2023.10.10"]
[SourceVersion "1"]
[SourceVersionDate "2023.10.10"]
[SourceQuality "1"]
[WhiteTeam "Dvorec"]
[BlackTeam "Kozolupy Sakal"]
[WhiteTeamCountry "CZE"]
[BlackTeamCountry "CZE"]

1. e4 d6 2. d4 Nf6 3. Nc3 g6 4. Bc4 c6 5. a4 Bg7 6. Nf3 0-0 7. h3 d5 8. exd5 cxd5 9. Bd3 Nc6 10. 0-0 Nb4 11. Bf4 Nxd3 12. Qxd3 Bf5 13. Qb5 b6 14. Rfe1 Bxc2 15. Ne5 e6 16. Rac1 g5 17. Bxg5 Bg6 18. Ng4 h5 19. Ne5 Re8 20. Ne2 Rc8 21. Nf4 Qd6 22. Rxc8 Rxc8 23. Bxf6 Bxf6 24. Nfxg6 fxg6 25. Qd3 Bxe5 26. dxe5 1-0

[Event "Klatovy op 28th"]
[Site "Klatovy"]
[Date "2022.07.04"]
[Round "3"]
[White "Kopriva, Martin"]
[Black "Eret, Matous"]
[Result "0-1"]
[WhiteElo "2124"]
[BlackElo "2273"]
[PlyCount "76"]
[EventDate "2022.07.02"]
[EventType "swiss"]
[EventRounds "9"]
[EventCountry "CZE"]
[SourceTitle "EXT 2023"]
[Source "ChessBase"]
[SourceDate "2022.10.05"]
[SourceVersion "1"]
[SourceVersionDate "2022.10.05"]
[SourceQuality "1"]

1. e4 e5 2. Bc4 Nc6 3. Nf3 Nf6 4. d3 Be7 5. c3 0-0 6. 0-0 d5 7. exd5 Nxd5 8. Re1 Bg4 9. h3 Bh5 10. Na3 Kh8 11. g4 Bg6 12. Nxe5 Nxe5 13. Rxe5 c6 14. Bxd5 Bd6 15. Re3 cxd5 16. Nb5 Bb8 17. Rf3 h5 18. g5 a6 19. Nd4 h4 20. Qf1 Bh5 21. Qg2 Bxf3 22. Nxf3 Qd7 23. Be3 Qf5 24. Nxh4 Qxd3 25. Qg4 Qe4 26. Qh5+ Kg8 27. Rd1 g6 28. Qh6 Be5 29. Bd4 Rae8 30. Bxe5 Rxe5 31. Rd4 Qb1+ 32. Kg2 Rfe8 33. Rf4 Re1 34. Nf5 Rg1+ 35. Kh2 Rh1+ 36. Kg3 Qg1+ 37. Kf3 gxf5 38. Rh4 Rxh3+ 0-1

[Event "Prague Golden op"]
[Site "Prague"]
[Date "2021.07.18"]
[Round "9"]
[White "Kopriva, Martin"]
[Black "Bodicky, Michal"]
[Result "0-1"]
[WhiteElo "2095"]
[BlackElo "2099"]
[PlyCount "80"]
[EventDate "2021.07.10"]
[EventType "swiss"]
[EventRounds "9"]
[EventCountry "CZE"]
[SourceTitle "CBM 203 Extra"]
[Source "ChessBase"]
[SourceDate "2021.09.30"]
[SourceVersion "1"]
[SourceVersionDate "2021.09.30"]
[SourceQuality "1"]

1. d4 Nf6 2. c4 e6 3. Nc3 d5 4. Nf3 dxc4 5. Bg5 c5 6. e3 Nc6 7. Bxc4 cxd4 8. exd4 Be7 9. 0-0 0-0 10. Re1 Nd5 11. Bxe7 Ncxe7 12. Qd3 Ng6 13. Rad1 b6 14. Bxd5 exd5 15. Ne5 Be6 16. Nxg6 hxg6 17. Re5 Qd7 18. Rde1 Rfe8 19. Qe3 Red8 20. h4 Rac8 21. Qf4 Rc6 22. h5 f6 23. R5e3 gxh5 24. Ne2 Qd6 25. Qh4 Bf7 26. Ng3 g6 27. Re7 Rd7 28. Rxd7 Qxd7 29. Qf4 Qc7 30. Qh6 Rc2 31. Re3 Rxb2 32. Rf3 Rb1+ 33. Kh2 Qc1 34. Rf4 h4 35. Qxh4 g5 36. Rg4 Qg1+ 37. Kh3 Qh1+ 38. Nxh1 Rxh1+ 39. Kg3 Rxh4 40. Rxh4 gxh4+ 0-1

[Event "Prague Golden op"]
[Site "Prague"]
[Date "2021.07.13"]
[Round "4"]
[White "Bara, Josef Sr"]
[Black "Kopriva, Martin"]
[Result "0-1"]
[WhiteElo "1406"]
[BlackElo "2095"]
[PlyCount "48"]
[EventDate "2021.07.10"]
[EventType "swiss"]
[EventRounds "9"]
[EventCountry "CZE"]
[SourceTitle "CBM 203 Extra"]
[Source "ChessBase"]
[SourceDate "2021.09.30"]
[SourceVersion "1"]
[SourceVersionDate "2021.09.30"]
[SourceQuality "1"]

1. d4 Nf6 2. c4 g6 3. Nc3 Bg7 4. Nf3 0-0 5. Bg5 d6 6. e3 c5 7. d5 h6 8. Bxf6 Bxf6 9. Rc1 Na6 10. a3 Nc7 11. e4 e6 12. Be2 exd5 13. exd5 Re8 14. 0-0 a6 15. Bd3 Rb8 16. Qc2 b5 17. Bxg6 fxg6 18. Qxg6+ Bg7 19. Rfe1 Rf8 20. Ne4 bxc4 21. Nxd6 Rf6 22. Re8+ Nxe8 23. Qxe8+ Qxe8 24. Nxe8 Rf4 0-1

[Event "CZE-ch"]
[Site "Plzen"]
[Date "2020.08.30"]
[Round "8"]
[White "Kopriva, Martin"]
[Black "Frank, Adam"]
[Result "1/2-1/2"]
[WhiteElo "2079"]
[BlackElo "2219"]
[PlyCount "90"]
[EventDate "2020.08.23"]
[EventType "swiss"]
[EventRounds "9"]
[EventCountry "CZE"]
[SourceTitle "CBM 198 Extra"]
[Source "ChessBase"]
[SourceDate "2020.11.30"]
[SourceVersion "1"]
[SourceVersionDate "2020.11.30"]
[SourceQuality "1"]

1. e4 d6 2. d4 Nf6 3. Nc3 g6 4. Nf3 Bg7 5. h3 0-0 6. Be2 Nc6 7. 0-0 e5 8. dxe5 Nxe5 9. Nxe5 dxe5 10. Bg5 Qe8 11. Qd2 Qc6 12. Bxf6 Qxf6 13. Rad1 c6 14. Bc4 b5 15. Bb3 a5 16. a3 Be6 17. Bxe6 Qxe6 18. Qd6 Qc4 19. Qd3 Qc5 20. Qd6 Qc4 21. Qd3 Qd4 22. Qe2 Qc5 23. Rd7 Rad8 24. Rfd1 Bf6 25. g3 Kg7 26. h4 h5 27. Kg2 Rxd7 28. Rxd7 Rd8 29. Rxd8 Bxd8 30. Nd1 Bb6 31. c3 Qe7 32. Qd2 Qe6 33. Ne3 Qb3 34. Kf3 Qa2 35. Qc2 Qa1 36. Ke2 Qh1 37. Qd3 Qc1 38. Qd2 Qb1 39. Qc2 Qa1 40. Qd2 Qa2 41. Kf3 Bc5 42. Nf5+ Kg8 43. Nh6+ Kg7 44. Nf5+ Kg8 45. Nh6+ Kg7 1/2-1/2

[Event "CZE-ch blitz"]
[Site "Prague"]
[Date "2019.12.21"]
[Round "1"]
[White "Kopriva, Martin"]
[Black "Babula, Vlastimil1111"]
[Result "0-1"]
[WhiteElo "2002"]
[BlackElo "2004"]
[PlyCount "88"]
[EventDate "2019.12.21"]
[EventType "swiss (blitz)"]
[EventRounds "15"]
[EventCountry "CZE"]
[SourceTitle "CBM 193 Extra"]
[Source "ChessBase"]
[SourceDate "2020.01.31"]
[SourceVersion "1"]
[SourceVersionDate "2020.01.31"]
[SourceQuality "1"]

1. d4 Nf6 2. g4 d5 3. g5 Ne4 4. f3 Nd6 5. Nc3 c6 6. e4 dxe4 7. fxe4 g6 8. Nf3 Bg7 9. Be3 Bg4 10. Be2 Nd7 11. Qd2 Bxf3 12. Bxf3 Nc4 13. Qf2 e5 14. d5 Nxe3 15. Qxe3 h6 16. h4 Qb6 17. Qxb6 axb6 18. 0-0-0 b5 19. a3 Nb6 20. dxc6 bxc6 21. Rd6 Rc8 22. b3 Bf8 23. Rd3 hxg5 24. hxg5 Rxh1+ 25. Bxh1 Bxa3+ 26. Kd2 Be7 27. Rg3 Nd7 28. Bg2 Nc5 29. Bh3 Rd8+ 30. Ke3 Rd4 31. Rg1 b4 32. Ne2 Rxe4+ 33. Kf2 Rh4 34. Bg2 e4 35. Kg3 Rh5 36. Nd4 Rxg5+ 37. Kf4 Rd5 38. Nxc6 Bg5+ 39. Kg4 Bd2 40. Ra1 f5+ 41. Kg3 Kd7 42. Na5 Bc3 43. Rh1 Ne6 44. Kf2 Rd2+ 0-1